000
00288nam a22001217a 4500
008
180419b xxu||||| |||| 00| 0 eng d
041
_a
eng
080
_a
043.3
100
_a
0
101
_a
SHKI-BTH
245
_a
Gjuha skriptuese PHP dhe Framework-u Laravel
_c
Kosumi,K
942
_2
udc
_c
BK
999
_c
45307
_d
45307